| 000 | 00000nam 2200000zi 4500 |
| 001 | 9.936184 |
| 003 | CaOODSP |
| 005 | 20240402125247 |
| 006 | m o d f |
| 007 | cr mn||||||||| |
| 008 | 240402e200702 quca o f000 0 fre d |
| 020 | |a9780662734598 |q(imprimé) |
| 040 | |aCaOODSP|bfre|erda|cCaOODSP |
| 086 | 1 |aEn153-113/64-2007F-PDF |
| 086 | 1 |aEn153-113/64-2007F |
| 100 | 1 |aNantel, Lise, |eauteur. |
| 245 | 10|aEaux usées : |bEcobox : solution biologique pour le traitement secondaire avancé des eaux usées de résidences isolées / |crédaction, Lise Nantel. |
| 264 | 1|aMontréal (Québec) : |bEnvironnement Canada, Prévention de la pollution et innovation technologique, |cfévrier 2007. |
| 264 | 4|c©2007 |
| 300 | |a1 ressource en ligne (4 pages non numérotées) : |billustrations en couleur. |
| 336 | |atexte|btxt|2rdacontent/fre |
| 337 | |ainformatique|bc|2rdamedia/fre |
| 338 | |aressource en ligne|bcr|2rdacarrier/fre |
| 490 | 1 |aEnvironnement, innovation technologique, |x1712-0225 |
| 500 | |aPublié aussi en anglais sous le titre : Wastewater : Ecobox : a biological alternative for advanced secondary treatment of domestic wastewater from isolated dwellings. |
| 500 | |aUn symbole de marque de commerce paraît après le mot « Ecobox » dans le titre. |
| 500 | |aÉdition numérisée de l'imprimé [par Environnement et changement climatique Canada]. |
| 650 | 6|aEaux usées|xÉpuration|xTraitement biologique. |
| 650 | 6|aBioréacteurs. |
| 650 | 6|aFosses septiques. |
| 710 | 1 |aCanada. |bEnvironnement Canada, |eorganisme de publication. |
| 775 | 08|tWastewater : |w(CaOODSP)9.925047 |
| 776 | 0#|tEaux usées - ÉcoboxMC : |w(CaOODSP)9.627400 |
| 830 | #0|aEnvironnement, innovation technologique.|w(CaOODSP)9.501516 |
| 856 | 40|qPDF|s3.77 Mo|uhttps://publications.gc.ca/collections/collection_2024/eccc/en153/En153-113-64-2007-fra.pdf |